000 01333nam a2200277 4500
005 20190926144035.0
008 160429s1902 ck |||fr|||| 001 0 spa d
040 _aCO-BoUCM
_bspa
_cSandra Yazo
_dSandra Yazo
041 0 _aspa
082 0 4 _220
_a986.013
092 _aE39N060
245 0 3 _aLa Patria Boba
260 _aBogotá (Colombia)
_bImprenta Nacional
_c1902
300 _axx, 476 páginas
_c25 x 18 cm
490 0 _aBiblioteca de historia nacional
_v1
500 _aDetalles físicos: Encuadernación rígida (holandesa con punteras) en cartón forrado en papel. Lomo en cuero, muy desgastado. Tapas con raspaduras y deterioro en bordes. Guardas. Anteportada. Portada impresa en dos tintas. Cenefa. Letra mayúscula. Texto impreso en una sola tinta. Papel manchado
505 0 _aUmbral ; Introito ; Tiempos coloniales / J. A. Vargas Jurado ; En la independencia / J. M. Caballero ; Santa fe cautiva / J. A. de Torres y Peña
506 _aConsulta en sala
650 7 _97910
_aPeriodo Colonial
_zColombia
690 _aHistoria de Colombia
_926508
700 1 _aVargas Jurado, J.A.
_976938
700 1 _aCaballero, J. M.
_976939
700 1 _aTorres y Peña, J. A. de
_976940
856 4 1 _uhttp://bdh-rd.bne.es/viewer.vm?id=0000089443&page=1
_zDisponible en línea
942 _2LOCAL
_cLIBRO
_e1
_hE39N060
999 _c303327
_d303327